[Event "ODEM U25A 2013"]
[Site "Oberhof GER"]
[Date "2013.05.19"]
[Round "1"]
[White "Poetsch, Hagen"]
[Black "Stoll, Katja"]
[Result "1-0"]
[Termination "normal"]
[Board "1"]
[WhiteTitle "IM"]
[WhiteElo "2431"]
[BlackElo "1766"]
[PlyCount "41"]
[WhiteFideId "24615137"]
[BlackFideId "1271730"]
[EventCountry "GER"]
[EventRounds "9"]
[EventType "swiss"]
[EventDate "2013.05.18"]

1. e4 e5 2. Bc4 Nf6 3. d3 Bc5 4. Nf3 Nc6 5. c3 O-O 6. O-O d6 7. Bg5 Be6 8. Nbd2
Qe7 9. Bb5 a6 10. Bxc6 bxc6 11. d4 Bb6 12. dxe5 dxe5 13. Nxe5 c5 14. Nef3 h6
15. Bh4 g5 16. Nxg5 hxg5 17. Bxg5 Bc8 18. Qf3 Kg7 19. e5 Qxe5 20. Bxf6+ Qxf6
21. Qxa8 1-0

[Event "ODEM U25A 2013"]
[Site "Oberhof GER"]
[Date "2013.05.19"]
[Round "1"]
[White "Frischmann, Rick"]
[Black "Weiss, Reinhold"]
[Result "1-0"]
[Termination "normal"]
[Board "3"]
[WhiteElo "2254"]
[BlackElo "1861"]
[PlyCount "47"]
[WhiteFideId "24660752"]
[BlackFideId "12966436"]
[EventCountry "GER"]
[EventRounds "9"]
[EventType "swiss"]
[EventDate "2013.05.18"]

1. e4 Nf6 2. e5 Nd5 3. Nc3 Nxc3 4. bxc3 d5 5. exd6 exd6 6. d4 Be7 7. Bd3 d5 8.
Ne2 O-O 9. O-O Nd7 10. c4 dxc4 11. Bxc4 Nb6 12. Bd3 c5 13. dxc5 Bxc5 14. Ng3
Bd4 15. Rb1 Be6 16. Rb4 Bc3 17. Bxh7+ Kxh7 18. Qh5+ Kg8 19. Rh4 f6 20. Ba3 Re8
21. Rd1 Qc7 22. Ne4 Qe5 23. Qh7+ Kf7 24. Nd6+ 1-0

[Event "ODEM U25A 2013"]
[Site "Oberhof GER"]
[Date "2013.05.19"]
[Round "1"]
[White "Herbrig, Marie-Helen"]
[Black "Wenninger, Philipp"]
[Result "0-1"]
[Termination "normal"]
[Board "4"]
[WhiteElo "1762"]
[BlackElo "2220"]
[PlyCount "148"]
[WhiteFideId "12900427"]
[BlackFideId "4648404"]
[EventCountry "GER"]
[EventRounds "9"]
[EventType "swiss"]
[EventDate "2013.05.18"]

1. e4 c5 2. Nf3 a6 3. c4 Nc6 4. d4 cxd4 5. Nxd4 e5 6. Nf5 d6 7. Nc3 Nf6 8. Bg5
h6 9. Be3 Be6 10. Be2 g6 11. Ng3 Bg7 12. Nd5 O-O 13. Bb6 Qd7 14. Be3 Qd8 15.
Bb6 Qd7 16. Qd2 Kh7 17. Rd1 Bxd5 18. cxd5 Ne7 19. Rc1 Rac8 20. O-O h5 21. Bd3
Ng4 22. Qb4 Bh6 23. Rcd1 Kg7 24. h3 Nf6 25. Ne2 Nh7 26. Nc3 Ng5 27. Kh2 Ng8 28.
Bc2 Qe7 29. Rd3 Nf6 30. Ba4 Nd7 31. Be3 Nc5 32. Rdd1 b5 33. Bc2 Nh7 34. Rfe1
Bxe3 35. Rxe3 Qc7 36. Qa3 Qb6 37. b4 Nd7 38. Qb2 Qb7 39. a4 Nb6 40. Qa2 bxa4
41. Bxa4 Nc4 42. Bc6 Rxc6 43. dxc6 Qxc6 44. Red3 Nf6 45. f3 Rb8 46. Rc1 Rxb4
47. Nd1 Qb5 48. Rdc3 Nb6 49. Rc7 Nbd7 50. Nc3 Rb2 51. Nxb5 Rxa2 52. Nxd6 h4 53.
Ne8+ Nxe8 54. Rxd7 Nf6 55. Re7 Nh5 56. Rxe5 Nf4 57. Rg5 f6 58. Rgc5 Rxg2+ 59.
Kh1 Rg3 60. Rc7+ Kh6 61. R1c6 Rxh3+ 62. Kg1 Rg3+ 63. Kf1 Rxf3+ 64. Kg1 Kg5 65.
Rc2 Kg4 66. Kh2 Rh3+ 67. Kg1 Re3 68. R7c4 Kg3 69. Kf1 Rf3+ 70. Ke1 h3 71. Rc7
h2 72. Rh7 Ng2+ 73. Ke2 Rf2+ 74. Kd3 Ne1+ 0-1

[Event "ODEM U25A 2013"]
[Site "Oberhof GER"]
[Date "2013.05.19"]
[Round "1"]
[White "Lagunow, Elina"]
[Black "Jahncke, Giso"]
[Result "0-1"]
[Termination "normal"]
[Board "6"]
[BlackTitle "CM"]
[WhiteElo "1759"]
[BlackElo "2214"]
[PlyCount "72"]
[WhiteFideId "4673387"]
[BlackFideId "24608289"]
[EventCountry "GER"]
[EventRounds "9"]
[EventType "swiss"]
[EventDate "2013.05.18"]

1. Nf3 Nf6 2. g3 g6 3. Bg2 Bg7 4. O-O O-O 5. d3 d5 6. c4 d4 7. e3 c5 8. exd4
cxd4 9. b4 Nfd7 10. Bb2 e5 11. Nbd2 a5 12. b5 Nc5 13. Nb3 Na4 14. Ba3 Nc3 15.
Qc2 Re8 16. Rfe1 Ra7 17. Nfd2 Nd7 18. Ne4 Nxe4 19. Bxe4 b6 20. Rac1 Bh6 21. Rb1
Bb7 22. Bxb7 Rxb7 23. Re2 Bf8 24. c5 Bxc5 25. Bxc5 Rc7 26. Rbe1 Nxc5 27. Rxe5
Rxe5 28. Rxe5 Ne6 29. Qe2 Qf6 30. Rd5 Kg7 31. Rd6 a4 32. Nd2 Rc2 33. Qd1 Rxa2
34. Ne4 Qf5 35. Rxb6 Ng5 36. Qe1 Nf3+ 0-1

[Event "ODEM U25A 2013"]
[Site "Oberhof GER"]
[Date "2013.05.19"]
[Round "1"]
[White "Gölz, Daniel"]
[Black "Hartmann, Jakob"]
[Result "1-0"]
[Termination "normal"]
[Board "7"]
[WhiteElo "2137"]
[BlackElo "1719"]
[PlyCount "59"]
[WhiteFideId "24626325"]
[BlackFideId "12918067"]
[EventCountry "GER"]
[EventRounds "9"]
[EventType "swiss"]
[EventDate "2013.05.18"]

1. e4 e5 2. Nf3 Nc6 3. Bc4 Nf6 4. d4 exd4 5. e5 d5 6. Bb5 Ne4 7. Nxd4 Bd7 8.
Bxc6 bxc6 9. O-O Bc5 10. f3 Ng5 11. f4 Ne4 12. Be3 O-O 13. Nd2 Nxd2 14. Qxd2 f6
15. Nb3 Bb6 16. Bc5 Bxc5+ 17. Nxc5 Qe7 18. Qc3 fxe5 19. fxe5 Rxf1+ 20. Rxf1 Rf8
21. Re1 Rf4 22. b3 Rh4 23. g3 Rh6 24. Qa5 Bc8 25. Qxa7 Qf8 26. Nd3 Qf5 27. Qxc7
Rxh2 28. Qd8+ Kf7 29. e6+ Kg6 30. Nf4+ 1-0

[Event "ODEM U25A 2013"]
[Site "Oberhof GER"]
[Date "2013.05.19"]
[Round "1"]
[White "Askri, Samir"]
[Black "Grewenig, Jan"]
[Result "1/2-1/2"]
[Termination "normal"]
[Board "8"]
[WhiteElo "1785"]
[BlackElo "2002"]
[PlyCount "74"]
[WhiteFideId "12924938"]
[BlackFideId "4657330"]
[EventCountry "GER"]
[EventRounds "9"]
[EventType "swiss"]
[EventDate "2013.05.18"]

1. d4 b6 2. c4 Bb7 3. Nf3 e6 4. g3 Nf6 5. Bg2 Be7 6. O-O O-O 7. b3 d6 8. Bb2
Nbd7 9. Nbd2 c5 10. dxc5 Nxc5 11. Nd4 Bxg2 12. Kxg2 Qc7 13. N2f3 Rfd8 14. Qc2
Rac8 15. Rac1 Qb7 16. Rfd1 Nce4 17. Qd3 Ng4 18. Rf1 Bf6 19. Kg1 Nexf2 20. Rxf2
Nxf2 21. Kxf2 e5 22. Nf5 e4 23. Qd2 Bxb2 24. Qxb2 f6 25. N3d4 Rc5 26. Ne3 Rh5
27. Rh1 Qd7 28. Nd5 e3+ 29. Kxe3 b5 30. Qa3 Re8+ 31. Kf2 bxc4 32. bxc4 Qg4 33.
Qd3 Rhe5 34. e3 h5 35. h3 Qd7 36. Qg6 Rf8 37. Nf4 Rg5 1/2-1/2

[Event "ODEM U25A 2013"]
[Site "Oberhof GER"]
[Date "2013.05.19"]
[Round "1"]
[White "Wurm, Alexander"]
[Black "Engers, Felix"]
[Result "1-0"]
[Termination "normal"]
[Board "9"]
[WhiteElo "2081"]
[BlackElo "1804"]
[PlyCount "23"]
[WhiteFideId "24637246"]
[BlackFideId "12908282"]
[EventCountry "GER"]
[EventRounds "9"]
[EventType "swiss"]
[EventDate "2013.05.18"]

1. d4 Nf6 2. Nf3 c5 3. d5 b5 4. Bg5 e6 5. dxe6 fxe6 6. e4 Qa5+ 7. Qd2 Qxd2+ 8.
Nbxd2 a6 9. a4 b4 10. e5 Nd5 11. Bd3 h6 12. Bg6# 1-0

[Event "ODEM U25A 2013"]
[Site "Oberhof GER"]
[Date "2013.05.19"]
[Round "1"]
[White "Nobis, Philipp"]
[Black "Steingräber, Kai-Uwe"]
[Result "1/2-1/2"]
[Termination "normal"]
[Board "10"]
[WhiteElo "1716"]
[BlackElo "2169"]
[PlyCount "140"]
[WhiteFideId "24602183"]
[BlackFideId "1271602"]
[EventCountry "GER"]
[EventRounds "9"]
[EventType "swiss"]
[EventDate "2013.05.18"]

1. c4 c6 2. g3 d5 3. b3 Nf6 4. Nf3 Bf5 5. Bg2 h6 6. Bb2 e6 7. O-O Nbd7 8. d3
Be7 9. Nbd2 O-O 10. Qc2 Qc7 11. Rad1 Rfd8 12. Rfe1 Bh7 13. Qc3 a5 14. a3 Nc5
15. Qc2 b6 16. Ra1 Qb7 17. Bc3 Ncd7 18. Reb1 b5 19. cxb5 cxb5 20. b4 a4 21. Qb2
Rdc8 22. Rc1 Rc7 23. Rc2 Rac8 24. Rac1 Bd6 25. Nf1 Ng4 26. h3 Ngf6 27. Ne3 Rc6
28. Nd4 R6c7 29. Nf3 Bf8 30. Ne5 Nxe5 31. Bxe5 Rxc2 32. Rxc2 Nd7 33. Bd4 Rxc2
34. Qxc2 Bg6 35. f4 f6 36. f5 Bxf5 37. Nxf5 exf5 38. e3 Kh7 39. Qf2 g6 40. Qf3
Nb6 41. Bxf6 Bg7 42. Bxg7 Kxg7 43. Qf4 Qc6 44. Qd4+ Kh7 45. Qc5 Qe6 46. Kf2 g5
47. Qxb5 h5 48. Qc5 Qf6 49. b5 h4 50. gxh4 gxh4 51. Qc7+ Kg8 52. Qc6 Qb2+ 53.
Kf3 Qe5 54. Qg6+ Kf8 55. Qh6+ Ke8 56. Qxh4 Kd7 57. Qh7+ Kc8 58. Qg8+ Kb7 59.
Qf7+ Kb8 60. h4 d4 61. exd4 Qxd4 62. Qe8+ Nc8 63. Qe3 Qg4+ 64. Kf2 Qxh4+ 65.
Qg3+ Qxg3+ 66. Kxg3 Kc7 67. Kf4 Ne7 68. Ke5 Kb6 69. Ke6 Ng6 70. Bc6 Nf4+
1/2-1/2

[Event "ODEM U25A 2013"]
[Site "Oberhof GER"]
[Date "2013.05.19"]
[Round "1"]
[White "Galkin, Wladislaw"]
[Black "Bastelberger, Julian"]
[Result "1-0"]
[Termination "normal"]
[Board "11"]
[WhiteElo "2066"]
[BlackElo "1710"]
[PlyCount "119"]
[WhiteFideId "4603192"]
[BlackFideId "12971693"]
[EventCountry "GER"]
[EventRounds "9"]
[EventType "swiss"]
[EventDate "2013.05.18"]

1. c4 Nf6 2. g3 e6 3. Bg2 d5 4. Nf3 Be7 5. O-O O-O 6. b3 Nbd7 7. Bb2 b6 8. d3
c6 9. Na3 Bb7 10. Nc2 Qc7 11. e3 e5 12. Nd2 Rac8 13. f4 Rfe8 14. Rc1 Qb8 15.
Qe2 Bd6 16. f5 b5 17. d4 bxc4 18. bxc4 Ba6 19. Rb1 Qc7 20. Rfc1 c5 21. dxe5
Nxe5 22. Na3 Neg4 23. Bxf6 Nxf6 24. Nb5 Bxb5 25. Rxb5 d4 26. e4 Rb8 27. Rcb1
Nd7 28. Nf3 f6 29. Ne1 Ne5 30. Qc2 Qf7 31. Bf1 Ng4 32. Bd3 Ne5 33. Qa4 Qc7 34.
Qa6 Rxb5 35. Rxb5 Rb8 36. Bc2 Rxb5 37. Qxb5 Qc6 38. Qb3 Qb6 39. Bd3 Kf8 40. Kf2
Ng4+ 41. Kg2 Ke7 42. h3 Ne3+ 43. Kf3 Qc7 44. g4 Bh2 45. Ke2 Bg3 46. Nf3 Kd8 47.
Qb5 Qb6 48. a4 Bc7 49. g5 Qd6 50. e5 fxe5 51. Be4 Qf8 52. Qc6 Qd6 53. Qa8+ Ke7
54. Bc6 Bb8 55. Qb7+ Qc7 56. Qa6 Qb6 57. Qc8 Qd8 58. Qe6+ Kf8 59. g6 Nxf5 60.
Qf7# 1-0

[Event "ODEM U25A 2013"]
[Site "Oberhof GER"]
[Date "2013.05.19"]
[Round "1"]
[White "Erofeev, Anastasia"]
[Black "Schirrmacher, Carsten"]
[Result "0-1"]
[Termination "normal"]
[Board "12"]
[WhiteElo "1813"]
[BlackElo "2095"]
[PlyCount "76"]
[WhiteFideId "12917915"]
[BlackFideId "24610445"]
[EventCountry "GER"]
[EventRounds "9"]
[EventType "swiss"]
[EventDate "2013.05.18"]

1. e4 Nf6 2. e5 Nd5 3. d4 d6 4. c4 Nb6 5. exd6 cxd6 6. Nf3 g6 7. h3 Bg7 8. Bd3
O-O 9. O-O Nc6 10. Be3 e5 11. dxe5 dxe5 12. Nc3 Be6 13. Qe2 Nb4 14. Bc5 Nxd3
15. Bxf8 Nf4 16. Qe4 Kxf8 17. Rad1 Qc7 18. b3 a6 19. Rfe1 Nd7 20. Qe3 Bh6 21.
Kh1 Kg7 22. Rf1 Nxg2 23. Qd3 Nf4 24. Qd6 Qxd6 25. Rxd6 Bxh3 26. Re1 Bg2+ 27.
Kh2 Bxf3 28. Rxd7 Bc6 29. Rdd1 Ne6 30. Nd5 Nd4 31. Rd3 f6 32. Rxd4 exd4 33.
Re7+ Kh8 34. Nxf6 Bg7 35. Ne4 Re8 36. Rxe8+ Bxe8 37. Kg3 Bc6 38. Nd2 d3 0-1

[Event "ODEM U25A 2013"]
[Site "Oberhof GER"]
[Date "2013.05.19"]
[Round "1"]
[White "Nötzel, Felix"]
[Black "Walther, Jochen"]
[Result "1-0"]
[Termination "normal"]
[Board "13"]
[WhiteElo "2101"]
[BlackElo "1700"]
[PlyCount "35"]
[WhiteFideId "24637416"]
[EventCountry "GER"]
[EventRounds "9"]
[EventType "swiss"]
[EventDate "2013.05.18"]

1. e4 e5 2. Nf3 Nc6 3. d4 exd4 4. c3 dxc3 5. Bc4 Bb4 6. bxc3 Ba5 7. Qb3 Qf6 8.
O-O d6 9. Re1 Nge7 10. e5 Nxe5 11. Nxe5 dxe5 12. Qb5+ Nc6 13. Bd5 Bb6 14. Rxe5+
Kd7 15. Bf3 Rf8 16. Bg5 Qg6 17. Rd5+ Ke6 18. Qe2+ 1-0

[Event "ODEM U25A 2013"]
[Site "Oberhof GER"]
[Date "2013.05.19"]
[Round "1"]
[White "Gamisch, Laura"]
[Black "Carow, Annelen"]
[Result "0-1"]
[Termination "normal"]
[Board "14"]
[WhiteElo "1763"]
[BlackElo "2025"]
[PlyCount "84"]
[WhiteFideId "24615161"]
[BlackFideId "24692492"]
[EventCountry "GER"]
[EventRounds "9"]
[EventType "swiss"]
[EventDate "2013.05.18"]

1. d4 Nf6 2. c4 c5 3. d5 b5 4. b3 e6 5. dxe6 fxe6 6. e3 bxc4 7. Bxc4 Bb7 8. Nf3
Be7 9. Bb2 O-O 10. Nbd2 Ng4 11. h3 Nh6 12. O-O Bf6 13. Bxf6 Qxf6 14. Qc2 Na6
15. Bd3 Nf5 16. Be4 d5 17. Bxf5 exf5 18. Rac1 Rac8 19. Rfd1 Nb4 20. Qb1 Qa6 21.
a4 Qe6 22. Rc3 Qe7 23. Rdc1 Ba6 24. Nf1 Rf6 25. Ng3 g6 26. Qa1 Rfc6 27. Qb1 Rb8
28. Qa1 Rcc8 29. Rd1 Qg7 30. Rcc1 Qxa1 31. Rxa1 Nd3 32. Rab1 c4 33. bxc4 dxc4
34. Ne2 Rxb1 35. Rxb1 c3 36. Nc1 c2 37. Ra1 Rb8 38. Nd2 Rd8 39. Ndb3 Bc4 40.
Nxd3 Bxb3 41. Nc1 Bf7 42. Kh2 Rb8 0-1

[Event "ODEM U25A 2013"]
[Site "Oberhof GER"]
[Date "2013.05.19"]
[Round "1"]
[White "Bilchinski, Anton"]
[Black "Schroeder, Stefan"]
[Result "1-0"]
[Termination "normal"]
[Board "15"]
[WhiteElo "1900"]
[BlackElo "1694"]
[PlyCount "49"]
[WhiteFideId "24615765"]
[BlackFideId "12971707"]
[EventCountry "GER"]
[EventRounds "9"]
[EventType "swiss"]
[EventDate "2013.05.18"]

1. d4 Nf6 2. c4 e6 3. Nc3 Bb4 4. e3 O-O 5. Nge2 d5 6. a3 Bxc3+ 7. Nxc3 b6 8.
Be2 c5 9. cxd5 exd5 10. O-O Nc6 11. Bf3 Be6 12. Qa4 Qd7 13. Bd1 cxd4 14. exd4
h6 15. Bf4 Rfe8 16. h3 Rac8 17. Be2 Red8 18. Ba6 Ra8 19. Bb5 Rac8 20. Rac1 Qe8
21. Rfe1 g6 22. Bg3 a6 23. Qxa6 Qe7 24. Bxc6 Rxc6 25. Nxd5 1-0

[Event "ODEM U25A 2013"]
[Site "Oberhof GER"]
[Date "2013.05.19"]
[Round "1"]
[White "Nitzsche, Pia"]
[Black "Pixa, Richard"]
[Result "0-1"]
[Termination "normal"]
[Board "16"]
[WhiteElo "1662"]
[BlackElo "1920"]
[PlyCount "94"]
[WhiteFideId "12900370"]
[BlackFideId "4626095"]
[EventCountry "GER"]
[EventRounds "9"]
[EventType "swiss"]
[EventDate "2013.05.18"]

1. c4 e6 2. Nc3 d5 3. cxd5 exd5 4. d4 c6 5. Nf3 Nf6 6. Bf4 Bd6 7. Bxd6 Qxd6 8.
a3 a5 9. e3 Bf5 10. Bd3 Bxd3 11. Qxd3 O-O 12. O-O Re8 13. Qc2 Nbd7 14. Ne2 Ne4
15. Nf4 Nb6 16. Nd3 Qe7 17. Nd2 Nxd2 18. Qxd2 Nc4 19. Qc3 a4 20. Rfe1 b5 21.
Rab1 Qd6 22. Nc5 Qg6 23. Rbc1 Ra7 24. Rc2 Rae7 25. Rce2 h5 26. Nd3 h4 27. h3
Qf5 28. Qc2 Qf6 29. Nf4 g5 30. Nd3 Kh8 31. Kh1 Qg6 32. Rg1 f5 33. Ne1 Qf6 34.
Nf3 g4 35. Nh2 g3 36. Nf1 f4 37. Nd2 fxe3 38. fxe3 Rxe3 39. Rxe3 Nxe3 40. Qc1
Nc4 41. Rf1 Qg5 42. Nf3 Qxc1 43. Rxc1 Re4 44. Rc2 Kg7 45. Kg1 Kf6 46. Kf1 Ne3+
47. Ke2 Nxc2+ 0-1

[Event "ODEM U25A 2013"]
[Site "Oberhof GER"]
[Date "2013.05.19"]
[Round "1"]
[White "Schreiber, Kevin"]
[Black "Herrmann, Heribert"]
[Result "1-0"]
[Termination "normal"]
[Board "17"]
[WhiteElo "1886"]
[BlackElo "1683"]
[PlyCount "81"]
[WhiteFideId "24655830"]
[BlackFideId "12971715"]
[EventCountry "GER"]
[EventRounds "9"]
[EventType "swiss"]
[EventDate "2013.05.18"]

1. d4 Nf6 2. Nf3 c5 3. e3 e6 4. Bd3 Nc6 5. O-O d5 6. b3 Bd6 7. Bb2 O-O 8. Nbd2
Bd7 9. a3 a6 10. c4 b6 11. Ne5 Qc7 12. f4 Rfb8 13. Ng4 Nxg4 14. Qxg4 f5 15. Qf3
Ne7 16. g4 Bc6 17. Qh3 Rf8 18. Nf3 fxg4 19. Qxh7+ Kf7 20. Ng5+ Ke8 21. Nxe6 Qc8
22. Nxf8 Kxf8 23. dxc5 Bxc5 24. Qxg7+ Ke8 25. Bg6+ Kd8 26. Bd4 Qe6 27. f5 Qe4
28. Rf4 Bxd4 29. Qxd4 Qxd4 30. Rxd4 Kc7 31. Rxg4 Bd7 32. cxd5 Nxd5 33. e4 Nf6
34. Rc1+ Kd6 35. Rg3 Nxe4 36. Rd3+ Ke7 37. Re1 Bc6 38. f6+ Kxf6 39. Bxe4 Rg8+
40. Kf2 Bb5 41. Rf3+ 1-0

[Event "ODEM U25A 2013"]
[Site "Oberhof GER"]
[Date "2013.05.19"]
[Round "1"]
[White "Werner, Justus"]
[Black "Feldheim, Jonas"]
[Result "1/2-1/2"]
[Termination "normal"]
[Board "18"]
[WhiteElo "1652"]
[BlackElo "2024"]
[PlyCount "76"]
[WhiteFideId "12941107"]
[BlackFideId "24697583"]
[EventCountry "GER"]
[EventRounds "9"]
[EventType "swiss"]
[EventDate "2013.05.18"]

1. c4 e6 2. Nf3 d5 3. g3 c5 4. Bg2 Nc6 5. cxd5 exd5 6. d3 Nf6 7. O-O Be7 8. b3
O-O 9. Bb2 d4 10. Nbd2 Nd5 11. Rc1 f5 12. Nc4 b6 13. Nce5 Nxe5 14. Nxe5 Bb7 15.
Nc4 f4 16. b4 Qd7 17. bxc5 Bxc5 18. Na5 fxg3 19. hxg3 Nc3 20. Bxc3 Bxg2 21.
Kxg2 Qd5+ 22. Kg1 bxa5 23. Bd2 Kh8 24. Qb3 Qh5 25. Bxa5 Bd6 26. Qa4 Rf6 27. Bd2
Qxe2 28. Bg5 Rf5 29. Qxd4 Be5 30. Qd5 Raf8 31. Rce1 Qb2 32. Bc1 Qb8 33. Qg2 Qd6
34. Rd1 Bd4 35. Bf4 Qb6 36. Rb1 Qa5 37. Qe4 Bb6 38. a4 Qc3 1/2-1/2

[Event "ODEM U25A 2013"]
[Site "Oberhof GER"]
[Date "2013.05.19"]
[Round "1"]
[White "Weber, Daniel"]
[Black "Hartewig, Philipp"]
[Result "1-0"]
[Termination "normal"]
[Board "19"]
[WhiteElo "1897"]
[BlackElo "1811"]
[PlyCount "179"]
[WhiteFideId "24615498"]
[BlackFideId "1270639"]
[EventCountry "GER"]
[EventRounds "9"]
[EventType "swiss"]
[EventDate "2013.05.18"]

1. d4 d5 2. Nf3 Nf6 3. e3 c5 4. b3 e6 5. Bd3 Nc6 6. O-O cxd4 7. exd4 Bd6 8. Bb2
O-O 9. a3 b6 10. Ne5 Ne7 11. Nd2 Bb7 12. Qe1 Rc8 13. f4 b5 14. Rf3 g6 15. Rc1
a6 16. Qh4 Nf5 17. Qh3 Ne4 18. Nf1 Qe7 19. b4 Rc7 20. g4 Ng7 21. g5 Nh5 22. Ng3
Nxf4 23. Rxf4 Nxg5 24. Qh6 f6 25. Rcf1 Qg7 26. Qh4 fxe5 27. Rxf8+ Bxf8 28. Qxg5
e4 29. Be2 Rxc2 30. Bg4 Bc8 31. Ba1 Ra2 32. Kh1 Qh6 33. Qxh6 Bxh6 34. Ne2 Rxa3
35. Bc3 Ra2 36. h4 Be3 37. h5 Kg7 38. hxg6 hxg6 39. Kg2 Rc2 40. Kg3 g5 41. Kh3
Bf4 42. Be1 Bc1 43. Bg3 Bd2 44. Be5+ Kg8 45. Bd6 Rc6 46. Bc5 Bd7 47. Rf8+ Kg7
48. Rd8 Bc8 49. Ng3 Bf4 50. Nh5+ Kf7 51. Rf8+ Kg6 52. Nf6 Kg7 53. Ne8+ Kg6 54.
Kg2 e5 55. Bxc8 Rxc8 56. Rf6+ Kh5 57. Re6 exd4 58. Nf6+ Kh4 59. Re7 g4 60. Nxd5
Bc1 61. Rxe4 d3 62. Rd4 d2 63. Nf6 Kg5 64. Ne4+ Kg6 65. Nxd2 Bxd2 66. Rxd2 Rc6
67. Rd6+ Rxd6 68. Bxd6 Kf5 69. Kg3 Ke6 70. Bc7 Kf5 71. Bf4 Ke6 72. Kxg4 Kd5 73.
Bc7 Kc4 74. Ba5 Kd5 75. Kf5 Kd6 76. Kf6 Kd7 77. Ke5 Kc6 78. Ke6 Kb7 79. Kd7 Ka7
80. Kc7 Ka8 81. Kb6 Kb8 82. Kxa6 Ka8 83. Kxb5 Ka7 84. Bd8 Ka8 85. Ka6 Kb8 86.
b5 Ka8 87. Bh4 Kb8 88. b6 Ka8 89. b7+ Kb8 90. Bg3# 1-0

[Event "ODEM U25A 2013"]
[Site "Oberhof GER"]
[Date "2013.05.19"]
[Round "1"]
[White "von Reppert, Marc"]
[Black "Böhm, Malte"]
[Result "0-1"]
[Termination "normal"]
[Board "20"]
[WhiteElo "1681"]
[BlackElo "1992"]
[PlyCount "90"]
[WhiteFideId "12918130"]
[BlackFideId "1270629"]
[EventCountry "GER"]
[EventRounds "9"]
[EventType "swiss"]
[EventDate "2013.05.18"]

1. d4 Nf6 2. c4 g6 3. Nc3 Bg7 4. e4 d6 5. Be2 O-O 6. Bg5 c6 7. Nf3 h6 8. Be3
Nbd7 9. h3 e5 10. d5 c5 11. Qd2 Kh7 12. g4 Ne8 13. Bd3 Rh8 14. O-O-O a6 15. Nh2
Nc7 16. h4 b5 17. f4 exf4 18. Bxf4 Ne5 19. Bxe5 Bxe5 20. Rdf1 Rf8 21. g5 h5 22.
Nf3 Bg7 23. Rf2 bxc4 24. Bxc4 Nb5 25. Re1 Nxc3 26. bxc3 Qa5 27. e5 Rb8 28. Bb3
c4 29. Bc2 Bg4 30. a4 Bxf3 31. Rxf3 Bxe5 32. Ref1 Kg7 33. Qf2 Qxd5 34. Bxg6
Kxg6 35. Rf6+ Kg7 36. g6 Rb1+ 37. Kxb1 Qd3+ 38. Ka2 Bxf6 39. Qxf6+ Kg8 40.
gxf7+ Kh7 41. Rf2 Qd5 42. Rf5 Qd1 43. Rf2 Qb3+ 44. Ka1 Qa3+ 45. Kb1 Rb8+ 0-1

[Event "ODEM U25A 2013"]
[Site "Oberhof GER"]
[Date "2013.05.19"]
[Round "1"]
[White "Peters, Tom"]
[Black "Vergin, Marcel"]
[Result "1-0"]
[Termination "normal"]
[Board "21"]
[WhiteElo "1852"]
[BlackElo "1801"]
[PlyCount "47"]
[WhiteFideId "24694444"]
[EventCountry "GER"]
[EventRounds "9"]
[EventType "swiss"]
[EventDate "2013.05.18"]

1. e4 c5 2. Nf3 a6 3. d4 cxd4 4. Nxd4 Nf6 5. Nc3 e5 6. Nf3 Bb4 7. Bd2 d6 8. Bd3
O-O 9. O-O Nbd7 10. Re1 b5 11. a4 bxa4 12. Rxa4 Qb6 13. Nd5 Nxd5 14. exd5 Bxd2
15. Nxd2 Nc5 16. Bxh7+ Kxh7 17. Rh4+ Kg8 18. Qh5 f6 19. Re3 Ra7 20. Qg6 Qa5 21.
b4 Qa1+ 22. Nf1 Rb7 23. Rg3 Rd7 24. Rgh3 1-0

[Event "ODEM U25A 2013"]
[Site "Oberhof GER"]
[Date "2013.05.19"]
[Round "1"]
[White "Baudy, Niklas"]
[Black "Beck, Michael"]
[Result "0-1"]
[Termination "normal"]
[Board "22"]
[WhiteElo "1675"]
[BlackElo "1985"]
[PlyCount "78"]
[WhiteFideId "24698849"]
[BlackFideId "1271924"]
[EventCountry "GER"]
[EventRounds "9"]
[EventType "swiss"]
[EventDate "2013.05.18"]

1. e4 e6 2. d4 d5 3. Nc3 Bb4 4. e5 c5 5. Bd2 Ne7 6. Nb5 Bxd2+ 7. Qxd2 O-O 8.
Nf3 cxd4 9. Nfxd4 Nbc6 10. Qe3 a6 11. Nc3 Nxd4 12. Qxd4 Nc6 13. Qd2 Nxe5 14.
Bd3 Nxd3+ 15. Qxd3 Qg5 16. O-O Qg6 17. Qe2 Bd7 18. Rac1 d4 19. Ne4 Bb5 20. Qf3
Bxf1 21. Kxf1 Rac8 22. c3 e5 23. Rd1 f5 24. Ng3 e4 25. Qf4 d3 26. h4 Qe6 27. a3
Qb3 28. Qc1 Rce8 29. Re1 Qc4 30. Kg1 f4 31. Nf1 Qc5 32. b4 Qc6 33. Qd2 Qg6 34.
Nh2 e3 35. fxe3 fxe3 36. Rxe3 Qb6 37. Ng4 h5 38. Kh2 hxg4 39. Rxd3 Qf6 0-1

[Event "ODEM U25A 2013"]
[Site "Oberhof GER"]
[Date "2013.05.19"]
[Round "1"]
[White "Yin, Stanley"]
[Black "Kempe, Markus"]
[Result "1-0"]
[Termination "normal"]
[Board "23"]
[WhiteElo "2018"]
[BlackElo "1649"]
[PlyCount "57"]
[WhiteFideId "24622729"]
[BlackFideId "24692638"]
[EventCountry "GER"]
[EventRounds "9"]
[EventType "swiss"]
[EventDate "2013.05.18"]

1. g3 c5 2. Bg2 Nc6 3. c3 g6 4. Nf3 Bg7 5. d3 d6 6. Na3 e6 7. Bg5 Nge7 8. e4
O-O 9. O-O a6 10. d4 Qc7 11. d5 Ne5 12. Nxe5 Bxe5 13. Nc4 Bg7 14. dxe6 Bxe6 15.
Qxd6 Qxd6 16. Nxd6 f6 17. Be3 b6 18. Rfd1 Rad8 19. Bf1 Nc8 20. Nxc8 Bxc8 21. a4
Bg4 22. Rxd8 Rxd8 23. Kg2 Bc8 24. Bc4+ Kf8 25. a5 Bb7 26. axb6 Bxe4+ 27. f3 Bc6
28. Bxc5+ Ke8 29. Re1+ 1-0

[Event "ODEM U25A 2013"]
[Site "Oberhof GER"]
[Date "2013.05.19"]
[Round "1"]
[White "Maßloch, Philipp"]
[Black "Schwedek, Tony"]
[Result "0-1"]
[Termination "normal"]
[Board "24"]
[WhiteElo "1649"]
[BlackElo "1933"]
[PlyCount "110"]
[WhiteFideId "24692476"]
[BlackFideId "12908312"]
[EventCountry "GER"]
[EventRounds "9"]
[EventType "swiss"]
[EventDate "2013.05.18"]

1. e4 c5 2. Nc3 d6 3. g3 g6 4. Bg2 Bg7 5. d3 Nc6 6. f4 e6 7. Nf3 Nge7 8. O-O
O-O 9. Be3 Nd4 10. e5 Nef5 11. Bf2 Nxf3+ 12. Bxf3 Nd4 13. exd6 Nxf3+ 14. Qxf3
Qxd6 15. Ne4 Qc6 16. Bxc5 f5 17. Bxf8 fxe4 18. Qxe4 Qxe4 19. dxe4 Bxf8 20. Rad1
b6 21. Rd8 Bb7 22. Rxa8 Bxa8 23. Re1 Bc6 24. e5 Kf7 25. Rd1 Bc5+ 26. Kf1 Ke7
27. a3 a5 28. c3 Ba4 29. Re1 Bb3 30. Ke2 Kd7 31. Kd3 b5 32. Ke4 Kc6 33. Rc1 Bb6
34. g4 Bd5+ 35. Kd3 Bf3 36. f5 gxf5 37. gxf5 exf5 38. c4 bxc4+ 39. Kxc4 Be2+
40. Kc3 Kd7 41. b4 axb4+ 42. axb4 Ke6 43. Kd2 Bb5 44. Rc8 Bd4 45. Rh8 f4 46.
Rxh7 Bxe5 47. Rh3 Kf5 48. Rf3 Ke4 49. Rxf4+ Bxf4+ 50. Kc3 Bxh2 51. Kd2 Kd4 52.
Kc2 Bf4 53. Kb3 Kd3 54. Ka3 Kc2 55. Ka2 Bc1 0-1